Word Ladder: So Sayeth Howard Quiz Stats

 Plays Quiz Updated Mar 1, 2014

Challenge
Share
Tweet
Embed
Score 0/31 Timer 03:00
2 Plays Today
Hint 4-Letter Word % Correct
The smart Simpson childLISA
97.1%
Schindler compilationLIST
94.1%
Cinderella eventBALL
93.4%
Algebra, geometry and calculus are types of thisMATH
92.8%
Peruvian city or bean varietyL◄IM►A
92.4%
Manufactured◄MAD►E
89.9%
Use a radiatorHEAT
85.7%
Become well againHEAL
85.5%
Famous Scottish lochNESS
84.9%
Left shoe, to the right shoeMATE
83.8%
Green, twig, chai, et. al.TEAS
81%
Chaucer's Wife of ____BATH
80.2%
Bacon, ham, etc.PORK
79.1%
Word often spelled with double toothpicks◄HELL►
79.1%
Mountain King's placeHALL
78.5%
NFL teamJETS
78.4%
Hint 4-Letter Word % Correct
Fake a throw to first, egBALK
78.2%
Enjoy sunshineBASK
78.1%
Blow-out partyB◄AS►H
78.1%
NBA team◄NET►S
77.4%
d'Urbervilles' dameTESS
76.9%
Blackhearts' lead singer JoanJETT
76.4%
Become more alert (with 'up')PERK
71.3%
Hit optimum performancePEAK
68.3%
Star Wars' BobaFETT
67.3%
Thailand treeTEAK
64.1%
Guinness entry, genericallyFEAT
64.1%
Burden (with goods)LADE
63.9%
Vocation◄WORK►
63.6%
Airbender adjectiveL◄AS►T
63%
Produce collimated lightLASE
53.9%

Today's Daily Dose

You're not logged in!

Compare scores with friends on all Sporcle quizzes.
Join for Free
OR
Log In

You Might Also Like...

Show Comments

Extras

Top Quizzes Today


Score Distribution

Your Account Isn't Verified!

In order to create a playlist on Sporcle, you need to verify the email address you used during registration. Go to your Sporcle Settings to finish the process.

Report this User

Report this user for behavior that violates our Community Guidelines.

Details: